|
|
|
|
| LEADER |
00000nam a2200000 i 4500 |
| 001 |
DIGUANTIQ025 |
| 003 |
NyNyDIG |
| 008 |
210104s2019 ck a ob 000 0 spa d |
| 006 |
m o d |
| 007 |
cr ||||||||||| |
| 035 |
|
|
|a (OCoLC)1230389177
|
| 040 |
|
|
|a DGITA
|b eng
|e rda
|e pn
|c DGITA
|
| 020 |
|
|
|a 9789585526617
|q eBook
|
| 020 |
|
|
|z 9789585526624
|
| 050 |
1 |
4 |
|a PN1995.2 ebook
|
| 100 |
1 |
|
|a Restrepo Jaramillo, Isabel,
|e author.
|
| 245 |
1 |
0 |
|a Narrativas de la historia en el audiovisual colombiano :
|b controversias sobre el pasado en cuatro estudios de caso comparados /
|c Isabel Restrepo Jaramillo.
|
| 250 |
|
|
|a Primera edición.
|
| 264 |
|
1 |
|a Medellín, Colombia, Suramérica :
|b Universidad de Antioquia, Facultad de Ciencias Sociales y Humanas,
|c [2019]
|
| 300 |
|
|
|a 1 online resource :
|b illustrations.
|
| 336 |
|
|
|a texto
|b txt
|2 rdacontent
|
| 337 |
|
|
|a computer
|b c
|2 rdamedia
|
| 338 |
|
|
|a online resource
|b cr
|2 rdacarrier
|
| 347 |
|
|
|a text file
|2 rdaft
|
| 347 |
|
|
|b EPUB
|
| 490 |
1 |
|
|a FCSH investigación.
|a Historia
|
| 504 |
|
|
|a Includes bibliographical references.
|
| 588 |
0 |
|
|a Online resource; title from ePub title page (Digitalia, viewed January 5, 2021)
|
| 650 |
|
0 |
|a Motion pictures and history
|z Colombia
|v Case studies.
|
| 650 |
|
0 |
|a Oral history
|z Colombia
|v Case studies.
|
| 651 |
|
0 |
|a Colombia
|x History
|x Audio-visual aids
|v Case studies.
|
| 655 |
|
0 |
|a Electronic books.
|
| 791 |
2 |
|
|a Digitalia (Firm),
|e distributor.
|
| 793 |
0 |
|
|g Digitalia eBook Collection:
|a Universidad de Antioquia
|
| 776 |
0 |
8 |
|i Print version:
|a Restrepo Jaramillo, Isabel.
|t Narrativas de la historia en el audiovisual colombiano.
|b Primera edición.
|d Medellín, Colombia, Suramérica : Universidad de Antioquia, Facultad de Ciencias Sociales y Humanas, 2019
|z 9789585526624
|w (OCoLC)1193251547
|
| 830 |
|
0 |
|a FCSH investigación (Universidad de Antioquia. Facultad de Ciencias Sociales y Humanas).
|p Historia.
|
| 856 |
4 |
0 |
|3 Digitalia Hispánica
|u https://www.digitaliapublishing.com/a/68611/
|
| 910 |
|
|
|a Premium collection: 2021
|